000
00283nam a2200097Ia 4500
008
230915s9999 xx 000 0 und d
050
_a
LB 2831.58 .W43 2003
100
_a
WEBB, L.DEAN
245
0
_a
HUMAN RESOURCES ADMINISTRATION: PERSONNEL ISSUES AND NEEDS IN EDUCATION
942
_c
BK
999
_c
169761
_d
169761